000
00273nam a22001097a 4500
999
_c
4105
_d
4105
008
250121b ||||| |||| 00| 0 eng d
020
_a
9780008652036
082
_a
793 NAT
100
_a
NATIONAL GEOGRAPHIC
245
_a
OCEANS
942
_2
ddc
_h
793 NAT